[Event "Hasselbacken Open 2016"]
[Site "Stockholm SWE"]
[Date "2016.05.04"]
[Round "5.41"]
[White "Rietze, Clemens"]
[Black "Uzumcu, Ahmet Utku"]
[Result "1-0"]
[WhiteTitle "FM"]
[BlackTitle "CM"]
[WhiteElo "2354"]
[BlackElo "2145"]
[WhiteFideId "24620351"]
[BlackFideId "6372937"]
[EventDate "2016.04.30"]

1. d4 Nf6 2. c4 g6 3. Nc3 d5 4. cxd5 Nxd5 5. Bd2 Bg7 6. e4 Nxc3 7. Bxc3 c5 8. d5
Bxc3+ 9. bxc3 O-O 10. Qd2 e6 11. Bc4 exd5 12. Bxd5 Nc6 13. Ne2 Ne7 14. O-O Be6
15. c4 Bxd5 16. cxd5 Re8 17. Rfe1 b6 18. Rad1 Qd6 19. Nc3 Rad8 20. e5 Qb8 21. d6
Nc6 22. Qg5 Re6 23. Nd5 a6 24. f4 Nd4 25. Rxd4 cxd4 26. f5 Rxe5 27. Rxe5 Qxd6
28. Nf6+ Kg7 29. Ne8+ Rxe8 30. f6+ 1-0

[Event "Hasselbacken Open 2016"]
[Site "Stockholm SWE"]
[Date "2016.05.04"]
[Round "5.42"]
[White "Bruchmann, Stephan"]
[Black "Fehr, Axel"]
[Result "1-0"]
[WhiteTitle "FM"]
[WhiteElo "2318"]
[BlackElo "2143"]
[WhiteFideId "4624432"]
[BlackFideId "4675185"]
[EventDate "2016.04.30"]

1. e4 Nf6 2. Nc3 d5 3. e5 Nfd7 4. d4 c5 5. f4 cxd4 6. Nb5 e6 7. Nxd4 Nc6 8. Ngf3
Nc5 9. Be3 Bd7 10. a3 Rc8 11. Be2 Be7 12. O-O Ne4 13. c3 f6 14. exf6 Bxf6 15.
Bd3 Qe7 16. Qc2 O-O 17. Bxe4 dxe4 18. Qxe4 e5 19. Qd5+ Kh8 20. fxe5 Nxe5 21.
Nxe5 Bxe5 22. Nf3 Bf6 23. Bxa7 Bc6 24. Qh5 Rfd8 25. Rae1 Qd6 26. Bf2 g6 27. Qg4
Bb5 28. Bg3 Qc5+ 29. Rf2 Bd7 30. Qf4 Bf5 31. Bh4 Bxh4 32. Qxh4 Re8 33. Qf6+ Kg8
34. Re5 Rxe5 35. Qxe5 Qb6 36. Nd4 Rf8 37. h3 h5 38. Kh1 Rf7 39. Rf4 Qxb2 40. Ne6
Qxa3 41. Qb8+ 1-0

[Event "Hasselbacken Open 2016"]
[Site "Stockholm SWE"]
[Date "2016.05.04"]
[Round "5.43"]
[White "Hansson, Fredrik"]
[Black "Aronsson, Marten"]
[Result "1/2-1/2"]
[WhiteElo "2160"]
[BlackElo "2304"]
[WhiteFideId "1713256"]
[BlackFideId "1724223"]
[EventDate "2016.04.30"]

1. e4 e5 2. Nf3 Nc6 3. Bb5 a6 4. Ba4 Nf6 5. O-O Nxe4 6. d4 b5 7. Bb3 d5 8. dxe5
Be6 9. c3 Be7 10. Nbd2 Nc5 11. Bc2 d4 12. cxd4 Nxd4 13. Nxd4 Qxd4 14. Nf3 Qxd1
15. Rxd1 Bg4 16. h3 Bh5 17. Be3 Bxf3 18. gxf3 Nd7 19. f4 c5 20. a4 b4 21. Bb3
Ra7 22. Rac1 Rc7 23. a5 Rf8 24. Ba4 Kd8 25. Rd5 Kc8 26. Bxd7+ Rxd7 27. Bxc5 Rc7
28. Kg2 Rd8 29. Rxd8+ Bxd8 30. Kf3 Rc6 31. Ke4 Bxa5 32. Kd5 Kd7 33. Rd1 g6 34.
b3 Bb6 35. Bxb6 Rxb6 36. Kc5+ Kc7 37. Rd7+ Kxd7 38. Kxb6 Ke6 39. Kxa6 Kf5 40.
Kb5 Kxf4 41. Kxb4 g5 42. Kc5 h5 43. b4 g4 44. hxg4 h4 45. b5 h3 46. b6 h2 47. b7
h1=Q 48. b8=Q Qc1+ 49. Kd6 Qa3+ 50. Kd7 Kxg4 51. Qd6 Qa7+ 52. Ke8 Qxf2 53. Qf6
Qa7 54. Kf8 Qb7 55. Kg7 Qd5 56. Kg8 Qe6 57. Kf8 Qd5 58. Kg7 Kh3 59. Qf5+ Kg3 60.
Kf6 Qc4 61. Qg5+ Kf2 62. Kg7 Qd5 63. Qf4+ Ke2 64. Qg4+ Ke3 65. Kf6 Qe4 66. Qg1+
Kd3 67. Qb1+ Ke3 68. Qc1+ Kd3 69. Qa3+ Kd4 70. Qa7+ Kc3 71. Qc5+ Kd3 72. Kxf7
Qh7+ 73. Ke6 Qg6+ 74. Kd7 Qf5+ 75. Ke7 Ke4 76. Kd6 Qf8+ 77. Kc6 Qxc5+ 78. Kxc5
Kxe5 1/2-1/2

[Event "Hasselbacken Open 2016"]
[Site "Stockholm SWE"]
[Date "2016.05.04"]
[Round "5.44"]
[White "Wecker, Martin"]
[Black "Bergstrom, Rolf"]
[Result "1/2-1/2"]
[BlackTitle "FM"]
[WhiteElo "2144"]
[BlackElo "2298"]
[WhiteFideId "12931462"]
[BlackFideId "1702386"]
[EventDate "2016.04.30"]

1. Nf3 b6 2. g3 Bb7 3. Bg2 f5 4. O-O Nf6 5. c4 g6 6. d4 Bg7 7. Nc3 O-O 8. Bf4
Na6 9. Qa4 e6 10. Rad1 Qc8 11. b4 Nb8 12. d5 a5 13. b5 Nh5 14. Be5 d6 15. Bxg7
Nxg7 16. Nd4 e5 17. Nc6 Qe8 18. Nxb8 Rxb8 19. Qc2 Bc8 20. f4 Nh5 21. e3 Bd7 22.
Rde1 e4 23. Rf2 Qe7 24. Bf1 h6 25. Be2 Nf6 26. Rg2 g5 27. Kf2 Kh7 28. Reg1 Rg8
29. Ke1 Rg7 30. Bd1 Rbg8 31. Ne2 Ng4 32. Qd2 Qf7 33. Nd4 gxf4 34. gxf4 Nf6 35.
Rxg7+ Rxg7 36. Rxg7+ Qxg7 37. Qf2 Qg6 38. Qg3 Kg7 39. Qxg6+ Kxg6 40. Kf2 Ne8 41.
Kg3 Ng7 42. Kh4 Bc8 1/2-1/2

[Event "Hasselbacken Open 2016"]
[Site "Stockholm SWE"]
[Date "2016.05.04"]
[Round "5.45"]
[White "Lappalainen, Tommy"]
[Black "Efroimski, Marsel"]
[Result "0-1"]
[BlackTitle "WIM"]
[WhiteElo "2138"]
[BlackElo "2278"]
[WhiteFideId "1705652"]
[BlackFideId "2810964"]
[EventDate "2016.04.30"]

1. e3 d5 2. b3 e5 3. Bb2 Bd6 4. c4 dxc4 5. bxc4 c6 6. Nf3 Qe7 7. Be2 Nf6 8. d3
O-O 9. O-O Re8 10. Nbd2 Nbd7 11. Rc1 Nf8 12. Qc2 Ng6 13. Rfe1 Bf5 14. Ne4 Nxe4
15. dxe4 Be6 16. Bf1 Rad8 17. h3 Rd7 18. Qe2 Red8 19. Red1 f6 20. Nh2 Bb4 21.
Rxd7 Qxd7 22. Nf3 Bf7 23. Qc2 Nf8 24. Qa4 Bc5 25. Ba3 Bxa3 26. Qxa3 b6 27. Be2
Ne6 28. Rd1 Qc7 29. Rxd8+ Nxd8 30. Nd2 Ne6 31. Nb3 h5 32. h4 g6 33. g3 Kg7 34.
Qb4 Qd8 35. Qa3 Qd7 36. Qc1 Qd6 37. f4 Nc5 38. Nxc5 Qxc5 39. Qd2 exf4 40. gxf4
Qe7 41. Qd4 c5 42. Qd3 Qe6 43. Kg2 Qc6 44. Bf3 Qa4 45. f5 Qxa2+ 46. Kg3 Qxc4 47.
Qd7 Qc3 48. fxg6 Qe5+ 49. Kg2 Kxg6 50. Qxa7 b5 51. Qb6 b4 0-1

[Event "Hasselbacken Open 2016"]
[Site "Stockholm SWE"]
[Date "2016.05.04"]
[Round "5.46"]
[White "Lundin, Jan"]
[Black "Tolhuizen, Ludo"]
[Result "1/2-1/2"]
[WhiteTitle "FM"]
[WhiteElo "2275"]
[BlackElo "2132"]
[WhiteFideId "1706896"]
[BlackFideId "1000802"]
[EventDate "2016.04.30"]

1. e4 e6 2. d4 d5 3. e5 c5 4. c3 Nc6 5. Be3 Nh6 6. Nf3 Nf5 7. Bd3 Qb6 8. Qd2
Nxe3 9. fxe3 Be7 10. Qc2 Bd7 11. Nbd2 Rc8 12. Qb1 h6 13. O-O O-O 14. Kh1 f5 15.
exf6 Bxf6 16. Nb3 cxd4 17. exd4 Be7 18. Qe1 Bd6 19. Qe2 Rf6 20. Rae1 Rcf8 21.
Bb1 Be8 22. Nh4 Qd8 23. Rxf6 Qxf6 24. Nf3 e5 25. dxe5 Nxe5 26. Nxe5 Qxe5 27.
Qxe5 Bxe5 28. Kg1 Bf6 29. Bf5 b6 30. Bd3 Bf7 31. Nd4 Re8 32. Kf2 Rxe1 33. Kxe1
Bxd4 34. cxd4 Kf8 35. Kd2 Ke7 36. Ke3 Kf6 37. Kf4 Be6 38. h4 Bf7 39. Bc2 Be8 40.
Bb3 Bf7 41. Bd1 Be8 42. Bf3 Bf7 43. g3 g5+ 44. hxg5+ hxg5+ 45. Kg4 Kg6 46. Bd1
Be6+ 47. Kf3 Kf6 48. Ke3 Bf5 49. Bf3 Be6 50. Kd2 Ke7 51. Kc3 Kd6 52. Kb4 Bd7 53.
Be2 Bc6 54. Ba6 Bd7 55. Bb7 Be8 56. Bc8 Bg6 57. Kc3 Bb1 58. a3 Bg6 59. Bg4 Bf7
60. Kb4 Be8 61. Bf5 Bc6 62. Kc3 Ke7 63. Bg4 Be8 64. Kd2 Bf7 65. Ke3 Kf6 66. Bf3
Be6 67. Kd2 Ke7 68. Kc3 Kd6 69. Bh5 Bd7 70. Bf7 Bc6 71. Kd2 Ke7 72. Bg8 Kf6 73.
Ke3 Kg7 74. Be6 Kf6 75. Bc8 Be8 76. Bb7 Bf7 77. Kf3 Bh5+ 78. Kg2 Bf7 79. Kf3
Bh5+ 80. Ke3 Bf7 81. Bc6 Ke7 82. Bb7 Be6 83. Ba6 Bd7 84. Be2 Be6 85. Bf3 Bf7 86.
Kd2 Kd6 87. Kc3 Be8 88. Kb4 Bd7 89. Be2 Be8 90. Ba6 Bd7 91. Bd3 1/2-1/2

[Event "Hasselbacken Open 2016"]
[Site "Stockholm SWE"]
[Date "2016.05.04"]
[Round "5.47"]
[White "Nieminen, Kari"]
[Black "Geenen, Marc"]
[Result "0-1"]
[BlackTitle "FM"]
[WhiteElo "2127"]
[BlackElo "2264"]
[WhiteFideId "500739"]
[BlackFideId "200085"]
[EventDate "2016.04.30"]

1. e4 e5 2. Nf3 Nc6 3. Bb5 a6 4. Ba4 Nf6 5. O-O b5 6. Bb3 Bb7 7. d3 Bd6 8. a3
O-O 9. Nc3 h6 10. Ne2 Re8 11. Ng3 Bf8 12. c3 d5 13. Qe2 Na5 14. Bc2 c5 15. Rd1
Qc7 16. h3 c4 17. Nd2 d4 18. dxc4 bxc4 19. Ba4 Bc6 20. Bxc6 Qxc6 21. Qf3 Rad8
22. Rb1 dxc3 23. bxc3 Rd3 24. Qe2 Red8 25. Re1 Rxc3 26. Nf3 Bxa3 27. Nxe5 Qc5
28. Bf4 Nc6 29. Ng4 Nxg4 30. Qxg4 Ne5 31. Qh4 Re8 32. Be3 Ng6 33. Qg4 Qc8 34.
Nf5 Bf8 35. h4 Kh7 36. Rb6 Re6 37. Reb1 Rxb6 38. Rxb6 Rb3 39. h5 Rxb6 40. Bxb6
Ne7 41. Qe2 Nxf5 42. exf5 Qxf5 43. Bd4 Qd3 0-1

[Event "Hasselbacken Open 2016"]
[Site "Stockholm SWE"]
[Date "2016.05.04"]
[Round "5.48"]
[White "Zemlickova, Olena"]
[Black "Wikner, Arvid"]
[Result "0-1"]
[WhiteTitle "WIM"]
[WhiteElo "2113"]
[BlackElo "2241"]
[WhiteFideId "14105560"]
[BlackFideId "1702262"]
[EventDate "2016.04.30"]

1. d4 Nf6 2. Nf3 g6 3. Nc3 d5 4. Bf4 Bg7 5. e3 O-O 6. Be2 c5 7. Ne5 Qb6 8. Rb1
cxd4 9. exd4 Nc6 10. Nxc6 bxc6 11. Be5 Bh6 12. Bxf6 exf6 13. O-O Rb8 14. Na4 Qc7
15. b4 Re8 16. Bd3 Qf4 17. c3 Bg4 18. Qc2 Bf8 19. f3 Bd6 20. g3 Qe3+ 21. Kg2 Bc8
22. Rf2 Qh6 23. Qd2 Re3 24. Re1 Bh3+ 25. Kg1 Rbe8 26. Rfe2 Rxe2 27. Rxe2 Qxd2
28. Rxd2 Re1+ 29. Kf2 Rh1 30. Ke3 Bf8 31. Nc5 h5 32. Ba6 Rc1 33. Na4 Bh6+ 34. f4
Bg4 35. Be2 g5 36. Bxg4 gxf4+ 37. gxf4 hxg4 38. Rg2 f5 39. h3 Re1+ 40. Kd3 Bxf4
41. hxg4 Re3+ 42. Kc2 Rg3 43. Rxg3 Bxg3 44. gxf5 Kg7 45. Nc5 Kf6 46. Nb7 Bc7 47.
Kd3 Kxf5 48. c4 dxc4+ 49. Kxc4 Ke4 50. Nc5+ Ke3 51. d5 cxd5+ 52. Kxd5 f5 53. Ne6
f4 54. Ng5 Bd8 55. Nh3 f3 56. a4 Kd3 57. a5 Kc3 58. Kc6 Kxb4 59. Kb7 Kxa5 60.
Kxa7 Bb6+ 61. Kb7 Kb5 62. Kc8 Kc6 63. Kb8 Kd7 64. Kb7 Be3 65. Ka6 Ke6 66. Kb5
Kf5 67. Kc4 Kg4 68. Kd3 Kxh3 0-1

[Event "Hasselbacken Open 2016"]
[Site "Stockholm SWE"]
[Date "2016.05.04"]
[Round "5.49"]
[White "Lindborg, Petter"]
[Black "Alquist, Erik"]
[Result "1-0"]
[WhiteElo "2232"]
[BlackElo "2046"]
[WhiteFideId "1710338"]
[BlackFideId "1707701"]
[EventDate "2016.04.30"]

1. d4 Nf6 2. c4 g6 3. Nc3 Bg7 4. e4 d6 5. h3 O-O 6. Be3 c5 7. d5 e6 8. Bd3 exd5
9. exd5 Nbd7 10. Nf3 Re8 11. O-O Ne5 12. Nxe5 Rxe5 13. Bf4 Re8 14. Qf3 Nh5 15.
Bd2 Be5 16. Ne4 Bf5 17. Nxc5 Bxh3 18. Nxb7 Qd7 19. gxh3 Qxb7 20. Rab1 Qe7 21.
Rfe1 Qh4 22. Re4 Qd8 23. Rbe1 Qd7 24. c5 Nf6 25. Rxe5 dxe5 26. Qxf6 Qxh3 27. Re3
Qg4+ 28. Kh2 Rad8 29. Rg3 Qh5+ 30. Rh3 1-0

[Event "Hasselbacken Open 2016"]
[Site "Stockholm SWE"]
[Date "2016.05.04"]
[Round "5.50"]
[White "Carlsten, Peter"]
[Black "Eriksson, Jorgen"]
[Result "0-1"]
[WhiteElo "2064"]
[BlackElo "2231"]
[WhiteFideId "1705067"]
[BlackFideId "1701967"]
[EventDate "2016.04.30"]

1. e4 d6 2. d4 Nf6 3. Nc3 e5 4. Nf3 Nbd7 5. Bc4 Be7 6. O-O O-O 7. Re1 c6 8. a4
b6 9. d5 cxd5 10. Bxd5 Nxd5 11. Nxd5 Nf6 12. Nxf6+ Bxf6 13. c4 Qc7 14. b3 Bb7
15. Qd3 Bc6 16. Nd2 a6 17. Nf1 g6 18. f3 Bg7 19. Ne3 f5 20. Ba3 fxe4 21. fxe4
Qb7 22. Nd5 Rad8 23. Rac1 Rf7 24. Rc2 b5 25. cxb5 axb5 26. Rec1 Bxd5 27. Qxd5
Qxd5 28. exd5 bxa4 29. bxa4 Bh6 30. Rc8 Be3+ 31. Kh1 Bxc1 32. Rxc1 Rf4 33. Rd1
Rxa4 34. Bb2 Rb4 35. Bc3 Rb3 36. Be1 Rdb8 0-1

[Event "Hasselbacken Open 2016"]
[Site "Stockholm SWE"]
[Date "2016.05.04"]
[Round "5.51"]
[White "Henderson de La Fuente, Lance"]
[Black "Pajeken, Jakob Leon"]
[Result "1-0"]
[WhiteElo "2224"]
[BlackElo "2065"]
[WhiteFideId "32096585"]
[BlackFideId "12942839"]
[EventDate "2016.04.30"]

1. e4 e5 2. Nf3 Nc6 3. d4 exd4 4. Nxd4 Nf6 5. Nxc6 bxc6 6. e5 Qe7 7. Qe2 Nd5 8.
c4 Ba6 9. b3 g6 10. Ba3 Nb4 11. Bb2 Bg7 12. a3 Nd5 13. Nd2 O-O 14. O-O-O Rae8
15. Qf3 Nb6 16. Ne4 f5 17. Nf6+ Bxf6 18. exf6 Qf7 19. h4 d5 20. h5 dxc4 21. hxg6
Qxg6 22. Rh3 Re4 23. Rg3 Rg4 24. Rxg4 Qxg4 25. Qxc6 Qf4+ 26. Rd2 c3 27. Qe6+ Rf7
28. Qe8+ Rf8 29. f7+ 1-0

[Event "Hasselbacken Open 2016"]
[Site "Stockholm SWE"]
[Date "2016.05.04"]
[Round "5.52"]
[White "Kalodoukas, Odysseas"]
[Black "Poulopoulos, Ioannis"]
[Result "0-1"]
[WhiteElo "2042"]
[BlackElo "2214"]
[WhiteFideId "4266110"]
[BlackFideId "4218078"]
[EventDate "2016.04.30"]

1. d4 Nf6 2. c4 e6 3. Nc3 Bb4 4. e3 O-O 5. Ne2 c6 6. a3 Ba5 7. b4 Bc7 8. d5 d6
9. Ng3 e5 10. Bd3 a5 11. Rb1 Re8 12. O-O Nbd7 13. Qc2 Nf8 14. Bd2 axb4 15. axb4
h5 16. Nce4 N8h7 17. Nxf6+ Nxf6 18. Ne4 cxd5 19. Nxf6+ Qxf6 20. cxd5 Bb6 21. Be4
g6 22. f4 Bf5 23. fxe5 Bxe4 24. Qxe4 Qxe5 25. Qf3 Bxe3+ 26. Bxe3 Qxe3+ 27. Qxe3
Rxe3 28. Rbe1 Re5 29. Rc1 Re7 30. Rfe1 Rd7 31. Rc2 Ra6 32. Kf2 Rb6 33. Re4 Rb5
34. Rd4 Re7 35. Re2 Rc7 36. Re8+ Kg7 37. Rd8 Rb6 38. h4 Re7 39. Kf3 Rc7 40. g4
Rc3+ 41. Ke2 hxg4 42. Rxg4 Ra6 43. Rd4 Rh3 44. Kf1 Rh2 45. Kg1 Rb2 46. Rf4 Ra1+
47. Rf1 Rxf1+ 48. Kxf1 Rxb4 49. Rxd6 Rxh4 50. Rb6 Rd4 51. d6 Kf6 52. Ke2 Ke6 53.
Rxb7 Rxd6 54. Kf3 f5 55. Kf4 Rd4+ 56. Kf3 Kf6 57. Rb6+ Kg5 58. Rb3 Rh4 59. Kg3
f4+ 60. Kg2 Kg4 61. Ra3 g5 62. Kg1 Rh3 63. Ra2 Re3 64. Kf2 Re4 65. Ra3 f3 66.
Rxf3 Rf4 67. Rxf4+ Kxf4 0-1

[Event "Hasselbacken Open 2016"]
[Site "Stockholm SWE"]
[Date "2016.05.04"]
[Round "5.53"]
[White "Seo, Jung Min"]
[Black "Johansson, Gunnar"]
[Result "1-0"]
[WhiteElo "2045"]
[BlackElo "2212"]
[WhiteFideId "1734687"]
[BlackFideId "1703501"]
[EventDate "2016.04.30"]

1. Nf3 d5 2. d4 Nf6 3. c4 c6 4. Qc2 g6 5. e3 Bg7 6. Bd3 O-O 7. Nbd2 Na6 8. a3
Be6 9. b4 Qc8 10. O-O Bf5 11. Bb2 Bxd3 12. Qxd3 Qe6 13. Ne5 Rac8 14. Rac1 Nb8
15. Rc2 Nbd7 16. Nxd7 Qxd7 17. Rfc1 e6 18. f3 Rfd8 19. Nb3 b6 20. c5 b5 21. Ra1
Qe8 22. a4 a6 23. axb5 axb5 24. Bc3 Nd7 25. Rca2 e5 26. Na5 Rc7 27. Be1 Nf8 28.
Bh4 Rdc8 29. Nb3 h6 30. Qc3 g5 31. Bg3 Re7 32. Re1 Ng6 33. Qc1 Ra8 34. Rxa8 Qxa8
35. Bf2 Qa7 36. Na5 Re6 37. Qa1 Kh7 38. Qb1 Qd7 39. Nb3 Kg8 40. g3 Ne7 41. dxe5
Rxe5 42. e4 dxe4 43. Bd4 Rd5 44. Bxg7 Kxg7 45. Qxe4 Ng6 46. Re2 Ne5 47. Rd2
Nxf3+ 48. Qxf3 Rxd2 49. Qc3+ 1-0

[Event "Hasselbacken Open 2016"]
[Site "Stockholm SWE"]
[Date "2016.05.04"]
[Round "5.54"]
[White "Jakenberg, Jussi"]
[Black "Kolas, Tore"]
[Result "1-0"]
[WhiteElo "2036"]
[BlackElo "2187"]
[WhiteFideId "1710931"]
[BlackFideId "1502050"]
[EventDate "2016.04.30"]

1. e4 c5 2. Nf3 Nc6 3. Bb5 g6 4. Bxc6 dxc6 5. d3 Bg7 6. h3 Nf6 7. Nc3 e5 8. Be3
Qd6 9. Qd2 O-O 10. Bh6 Nh5 11. Bxg7 Kxg7 12. Ne2 f6 13. g4 Nf4 14. Nxf4 exf4 15.
O-O-O Be6 16. Kb1 Rad8 17. Qc3 Kg8 18. Rdg1 b5 19. h4 b4 20. Qe1 Rfe8 21. Qf1 a5
22. g5 f5 23. h5 fxe4 24. dxe4 gxh5 25. g6 Bg4 26. gxh7+ Kh8 27. Nh2 Be6 28. Nf3
a4 29. Rxh5 Bg4 30. Rg5 Bxf3 31. Rg8+ Kxh7 32. Qh3+ Qh6 33. R1g7# 1-0

[Event "Hasselbacken Open 2016"]
[Site "Stockholm SWE"]
[Date "2016.05.04"]
[Round "5.55"]
[White "Gamback, Bjorn"]
[Black "Olsson, Tomas"]
[Result "1/2-1/2"]
[WhiteTitle "CM"]
[WhiteElo "2184"]
[BlackElo "1930"]
[WhiteFideId "1703161"]
[BlackFideId "1702696"]
[EventDate "2016.04.30"]

1. Nf3 Nf6 2. c4 g6 3. b4 Bg7 4. Bb2 O-O 5. e3 d6 6. d3 e5 7. Nbd2 Nbd7 8. Be2
Re8 9. O-O h6 10. Qc2 c6 11. a4 Nh7 12. a5 f5 13. b5 c5 14. Rfd1 Ndf8 15. Bf1 g5
16. d4 cxd4 17. exd4 e4 18. Ne1 Qe7 19. Qb3 Nf6 20. Nc2 f4 21. Re1 Bf5 22. d5
Kh7 23. a6 b6 24. Nd4 Bg6 25. Nc6 Qd7 26. Bd4 Ng4 27. Ra2 Bxd4 28. Nxd4 Nxf2 29.
Kxf2 e3+ 30. Kg1 exd2 31. Re2 Rxe2 32. Bxe2 Re8 33. Rxd2 Re3 34. Qd1 Qe8 35. Nc2
Re5 36. Bd3 Bxd3 37. Rxd3 Ng6 38. Rd2 Nh4 39. Rf2 Nf5 40. Qd3 Kh8 41. Qc3 Kg8 1/2-1/2

[Event "Hasselbacken Open 2016"]
[Site "Stockholm SWE"]
[Date "2016.05.04"]
[Round "5.56"]
[White "Zemlicka, Vit"]
[Black "Kaasen, Tor Fredrik"]
[Result "1/2-1/2"]
[WhiteElo "1970"]
[BlackElo "2177"]
[WhiteFideId "303143"]
[BlackFideId "1516647"]
[EventDate "2016.04.30"]

1. e4 e6 2. d4 d5 3. Nc3 Nf6 4. e5 Nfd7 5. f4 c5 6. Nf3 Nc6 7. Be3 a6 8. Qd2 b5
9. dxc5 Bxc5 10. O-O-O Qb6 11. Bxc5 Nxc5 12. Bd3 b4 13. Ne2 a5 14. Ned4 Ba6 15.
Nxc6 Qxc6 16. Kb1 b3 17. a3 bxc2+ 18. Qxc2 Rc8 19. Nd4 Qb7 20. Bxa6 Qxa6 21. Qe2
Qxe2 22. Nxe2 Ne4 23. Rc1 Kd7 24. Rxc8 Rxc8 25. Rc1 Nd2+ 26. Ka2 Nc4 27. b3 Ne3
28. Rxc8 Kxc8 29. g3 Nf1 30. h3 d4 31. Nxd4 Nxg3 32. Kb2 Ne4 33. Kc2 Kb7 34. b4
Kb6 35. Kd3 Nf2+ 36. Ke2 Ne4 37. Kd3 Nf2+ 38. Ke2 1/2-1/2

[Event "Hasselbacken Open 2016"]
[Site "Stockholm SWE"]
[Date "2016.05.04"]
[Round "5.57"]
[White "Fossan, Andreas"]
[Black "Anurag, Mhamal"]
[Result "0-1"]
[BlackTitle "IM"]
[WhiteElo "2021"]
[BlackElo "2421"]
[WhiteFideId "1516108"]
[BlackFideId "5024366"]
[EventDate "2016.04.30"]

1. d4 Nf6 2. c4 e6 3. Nc3 Bb4 4. e3 b6 5. Ne2 Ba6 6. a3 Be7 7. Nf4 O-O 8. Bd3 d6
9. O-O c6 10. b3 Nbd7 11. Bb2 d5 12. Re1 dxc4 13. bxc4 Bd6 14. Nfe2 c5 15. Ng3
Rc8 16. Qa4 Bb7 17. Nb5 Bb8 18. Rad1 cxd4 19. exd4 Bc6 20. Qb3 Ng4 21. f3 Nxh2
22. Ne4 Qh4 23. Nbd6 Bxd6 24. Nxd6 Nxf3+ 25. gxf3 Qg3+ 26. Kf1 Qxf3+ 27. Kg1
Qg2# 0-1

[Event "Hasselbacken Open 2016"]
[Site "Stockholm SWE"]
[Date "2016.05.04"]
[Round "5.58"]
[White "Christiansen, Johan-Sebastian"]
[Black "Marder, Simon"]
[Result "1-0"]
[WhiteTitle "IM"]
[WhiteElo "2410"]
[BlackElo "2008"]
[WhiteFideId "1512668"]
[BlackFideId "1704540"]
[EventDate "2016.04.30"]

1. c4 Nc6 2. Nc3 e5 3. Nf3 Nf6 4. g3 Nd4 5. Bg2 Nxf3+ 6. Bxf3 Bb4 7. O-O Bxc3 8.
bxc3 O-O 9. Rb1 e4 10. Bg2 Re8 11. d3 h6 12. c5 Qe7 13. Ba3 Qe5 14. c4 Qh5 15.
Bb2 c6 16. Bxf6 gxf6 17. Bxe4 Qxc5 18. Bf3 Rb8 19. Qc1 Kg7 20. Rd1 Qe5 21. Qa3
d5 22. cxd5 cxd5 23. Qxa7 Be6 24. Rd2 Ra8 25. Qb6 Bd7 26. Kg2 Bc6 27. Rb4 Ra6
28. Rg4+ Kh8 29. Qc5 f5 30. Rf4 Rea8 31. d4 Qe6 32. Rb2 Ra5 33. Qc2 Ra4 34. e3
Bd7 35. Rxb7 Rxa2 36. Qc7 Qxe3 37. Bxd5 1-0

[Event "Hasselbacken Open 2016"]
[Site "Stockholm SWE"]
[Date "2016.05.04"]
[Round "5.59"]
[White "Liang, Awonder"]
[Black "Korning, Peter"]
[Result "1-0"]
[WhiteTitle "IM"]
[WhiteElo "2410"]
[BlackElo "2006"]
[WhiteFideId "2056437"]
[BlackFideId "1723332"]
[EventDate "2016.04.30"]

1. e4 e5 2. Nf3 Nc6 3. Bb5 a6 4. Ba4 Nf6 5. O-O Be7 6. Re1 b5 7. Bb3 O-O 8. a4
b4 9. d3 Bc5 10. Nbd2 d6 11. Nf1 Be6 12. c3 Bxb3 13. Qxb3 Rb8 14. Qc2 Nh5 15.
Bg5 f6 16. Bc1 Qd7 17. d4 Ba7 18. Be3 Qf7 19. Qe2 a5 20. N1d2 f5 21. exf5 exd4
22. cxd4 Qd5 23. Rac1 Bb6 24. Qc4 Ne7 25. g4 Nf6 26. Bg5 Qxc4 27. Nxc4 Ned5 28.
Nxb6 Rxb6 29. h3 b3 30. Nd2 Rb4 31. Rc4 Rfb8 32. Bxf6 gxf6 33. Rec1 Nf4 34. Rxb4
Rxb4 35. Rxc7 Rxd4 36. Nxb3 Rb4 37. Nxa5 Rxa4 38. Nc4 d5 39. Nb6 Ra6 40. Nd7
Nxh3+ 41. Kg2 Nf4+ 42. Kg3 Nd3 43. g5 fxg5 44. f6 Rd6 45. f7+ Kxf7 46. Ne5+ Kf6
47. Nxd3 h5 48. b4 Kf5 49. f3 g4 50. Rf7+ Ke6 51. Rh7 gxf3 52. Rxh5 Kd7 53. Kxf3
Kc6 54. Ke3 Re6+ 55. Re5 Rg6 56. Re8 Rg3+ 57. Kd4 Rg4+ 58. Kc3 Rg3 59. Rc8+ Kd7
60. Rc5 Kd6 61. Ra5 Kc6 62. Ra6+ Kc7 63. Kd4 1-0

[Event "Hasselbacken Open 2016"]
[Site "Stockholm SWE"]
[Date "2016.05.04"]
[Round "5.60"]
[White "Janse, Alexander"]
[Black "Welling, Gerard"]
[Result "1/2-1/2"]
[BlackTitle "IM"]
[WhiteElo "2004"]
[BlackElo "2336"]
[WhiteFideId "36052175"]
[BlackFideId "1000446"]
[EventDate "2016.04.30"]

1. Nf3 Nf6 2. g3 d5 3. Bg2 c6 4. O-O Bg4 5. d3 Nbd7 6. Nc3 e5 7. e4 dxe4 8. dxe4
Qc7 9. h3 Bh5 10. Qe1 Bc5 11. Nh4 O-O 12. Na4 Bd4 13. c3 Bc5 14. Nf5 Rfd8 15.
Nxc5 Nxc5 16. Bg5 Ncd7 17. Qe3 Bg6 18. Ne7+ Kf8 19. Nxg6+ hxg6 20. Rfd1 Qb6 21.
Qe2 Kg8 22. Rd2 Nf8 23. Rad1 Rxd2 24. Rxd2 Ne6 25. Be3 Qa5 26. b3 Qxc3 27. Qd1
c5 28. Rd3 Qa5 29. Qd2 Qxd2 30. Rxd2 Kf8 31. f4 Ke7 32. fxe5 Nd7 33. Rd5 b6 34.
Bf4 b5 35. Kf2 a5 36. Ke1 a4 37. b4 cxb4 38. Rxb5 b3 39. a3 Nd4 40. Rb7 Ra7 41.
Rxa7 b2 42. Bg5+ f6 43. exf6+ gxf6 44. Bxf6+ Kxf6 45. e5+ Kxe5 46. Ra5+ Nc5 47.
Rxc5+ Kd6 48. Rd5+ Ke6 49. Be4 b1=Q+ 50. Bxb1 Kxd5 51. Bxg6 Nb5 52. Be8 Nxa3 53.
Bxa4 Ke4 54. Kf2 Nc4 55. Bc2+ Ke5 56. Kf3 Nd2+ 57. Ke2 Nc4 58. h4 Nd6 59. Kf3
Kf6 60. Kf4 Nb5 61. g4 Nd4 62. Bf5 Ne2+ 63. Kf3 Nc3 64. Bc2 Nb5 65. Ke4 Nc3+ 66.
Kf4 Nd5+ 67. Kf3 Ke5 68. h5 Kf6 69. h6 Ne7 70. Kg3 Kf7 71. g5 Kg8 72. Kg4 Kh8
73. Kf4 Ng8 74. h7 Ne7 75. Ke5 Kg7 76. Ke6 Nc6 77. Be4 Nd8+ 78. Ke7 Nf7 1/2-1/2

[Event "Hasselbacken Open 2016"]
[Site "Stockholm SWE"]
[Date "2016.05.05"]
[Round "6.1"]
[White "Andreikin, Dmitry"]
[Black "Sethuraman, S.P."]
[Result "1-0"]
[WhiteTitle "GM"]
[BlackTitle "GM"]
[WhiteElo "2736"]
[BlackElo "2658"]
[WhiteFideId "4158814"]
[BlackFideId "5021596"]
[EventDate "2016.04.30"]

1. Nf3 d5 2. d4 Nf6 3. Bf4 e6 4. e3 c5 5. c3 Nc6 6. Nbd2 Bd6 7. Bg3 O-O 8. Bb5
a6 9. Bxc6 bxc6 10. Qa4 Rb8 11. Qa3 Bxg3 12. hxg3 Qb6 13. O-O Nd7 14. Rfb1 cxd4
15. cxd4 c5 16. Nb3 c4 17. Nc5 a5 18. b3 Nxc5 19. dxc5 Qb4 20. Qxb4 axb4 21.
bxc4 dxc4 22. Ne5 Rb5 23. Nxc4 Rxc5 24. Rxb4 Ba6 25. Nd2 Rc2 26. Nf3 Ra8 27. a4
Kf8 28. g4 Rc4 29. Rab1 Rxb4 30. Rxb4 Be2 31. Ne5 f6 32. Nd7+ Ke7 33. Nc5 Kd6
34. Ne4+ Kc6 35. g5 f5 36. Nc3 Bd3 37. Rh4 Kc5 38. Rd4 Bc4 39. Rd7 Kb4 40. Nb5
Rxa4 41. Nd4 Ra1+ 42. Kh2 Ra2 43. Kg3 Kc5 44. Rxg7 f4+ 45. Kxf4 Rxf2+ 46. Ke5
Rxg2 47. Nxe6+ Bxe6 48. Kxe6 Re2 49. Rc7+ Kb6 50. Rxh7 Rxe3+ 51. Kf5 Kc6 52. g6
Rg3 53. g7 Kd5 54. Rh5 1-0